00755nam a2200193 a 450000100100000000500170001000800410002702000150006804000250008308200140010824500920012226000600021430000300027449000470030470000270035183000540037895201120043299900170054400004129920201002034752.0130930s1985 mx c 001 0 spa d a9688100986 aDO-SdBNPbspacBNPHU axxxbxxxx00aMéxico y España durante la revolución mexicana. /ccompilación, Carlos Illades. aMéxico :bSecretaria de Relaciones exteriores,c1985. a243 p. :bretr. ;c23 cm.1 aArchivo histórico diplomático Mexicano1 aIllades, Carlos967916 0aArchivo histórico diplomático Mexicano967917 001050718MOaGRbGRcCTd2013-09-30iLF1l0oxxx xxxxp41299-10r2020-06-25w2020-06-25y1ZNo se presta c40789d40789